000 00556nam a2200181Ia 4500
005 20250508151531.0
008 008 250505s9999 xx 000 0 eng d
037 _aTextual
040 _aFEDL
_beng
_cFEDL
041 _aeng
_2eng
084 _a303, IND
_qFEDL
245 0 _aTeachnical terms in Hindi for secondary schools: Social sciences ( Civics, history and allied geography)
245 0 _cIndia, Government.... Education, (Ministry of )
260 _c1955
300 _a42p
942 _cTEXL
_h303, IND
999 _c1330427
_d1330427